000 00516nam a2200181Ia 4500
003 GCL
008 140319s9999 xx 000 0 eng d
040 _aGCL /
_cGCL
082 0 4 _a915.3
_bE A
100 1 _aEDITIONS MAISONNEUVE LAROSE
245 1 0 _aARCHEOLOGIE ISLAMIQUE 6 /
_cEDITIONS MAISONNEUVE LAROSE
260 _a[S.N] :
_bEDITIONS MAISON DES SCIENCE DE L'HOMME ،
_c1996
300 _a207 P
650 0 4 _aISLAM - ARCHAEOLOGY
650 0 4 _aARCHAEOLOGY
650 0 4 _aISLAM - ANTIQUITIES
942 _2ddc
_cBK
999 _c16449
_d16449